000 00821cam a2200181 4500
001 J125110
008 040211n2003 000 0 eng u
035 _a(Sirsi) u125110
041 _aeng
050 _a711.1
_c18
245 _aPlanning and Compulsory Purchase Bill
_bexplanatory notes
260 _aLondon
_bUnited Kingdom Parliament
_c2003
520 _aExplanatory notes prepared by the ODPM outlining the background to and providing a summary, overview and commentary on the Planning and Compulsory Purchase Bill (J125109). View at www.publications.parliament.uk.
650 _aPLANNING AND COMPULSORY PURCHASE ACT 2004
690 _aPLANNING
856 _uhttps://www.publications.parliament.uk/pa/ld200304/ldbills/010/en/04010x--.htm
_zView the explanatory notes on the UK Parliament website...
942 _n0
999 _c103341
_d103341